| 000 | 00675nam a2200217Ia 4500 | ||
|---|---|---|---|
| 003 | OSt | ||
| 005 | 20230413151706.0 | ||
| 008 | 210423s2005 xx 000 0 und d | ||
| 020 | _a0-393-97538-X | ||
| 040 | _cAL | ||
| 041 | _aeng | ||
| 082 |
_a820.809282 _223 _bZIPN |
||
| 100 |
_aZIPES (Jack);PAUL (Lissa);VALLONE (Lynne) _988155 |
||
| 245 | _aNorton anthology of childrens literature: the traditions in English | ||
| 260 |
_aNew York _bW W Norton & Co., _c2005 |
||
| 300 |
_axxxviii,2471 _bPB |
||
| 365 |
_b16091.75 _cUSD |
||
| 650 |
_aEnglish Collections _988156 |
||
| 906 | _aanthology ; childrens ; english ; literature: ; Norton ; traditions | ||
| 942 |
_2ddc _cBK |
||
| 999 |
_c169920 _d169920 |
||